[Event "TN Mestres 2024-25"]
[Site "Pombal"]
[Date "2024.12.21"]
[Round "5.1"]
[White "Reis, Luis Sousa"]
[Black "Fidalgo, Andre Neves"]
[Result "1-0"]
[LiveChessVersion "1.4.8"]
[BlackElo "2220"]
[WhiteElo "2164"]

1. e4 {[%clk 1:26:59]} c5 {[%clk 1:30:49]} 2. Nf3 {[%clk 1:27:12]} Nc6
{[%clk 1:31:11]} 3. Bb5 {[%clk 1:27:31]} e5 {[%clk 1:31:19]} 4. O-O
{[%clk 1:25:36]} Bd6 {[%clk 1:31:40]} 5. c3 {[%clk 1:21:08]} a6 {[%clk 1:31:57]}
6. Ba4 {[%clk 1:16:52]} b5 {[%clk 1:29:27]} 7. Bc2 {[%clk 1:17:05]} Bc7
{[%clk 1:24:23]} 8. d4 {[%clk 1:16:29]} d6 {[%clk 1:24:10]} 9. h3
{[%clk 1:06:49]} Nf6 {[%clk 1:23:05]} 10. Bg5 {[%clk 1:06:06]} h6
{[%clk 1:14:01]} 11. Be3 {[%clk 1:03:25]} Qe7 {[%clk 1:10:04]} 12. Nbd2
{[%clk 1:01:07]} exd4 {[%clk 1:04:41]} 13. cxd4 {[%clk 1:01:05]} O-O
{[%clk 1:05:01]} 14. Rc1 {[%clk 0:58:58]} Bb6 {[%clk 0:56:45]} 15. d5
{[%clk 0:49:39]} Ne5 {[%clk 0:56:43]} 16. Nxe5 {[%clk 0:49:41]} Qxe5
{[%clk 0:56:03]} 17. b4 {[%clk 0:46:06]} Nd7 {[%clk 0:53:23]} 18. Nf3
{[%clk 0:35:49]} Qh5 {[%clk 0:51:52]} 19. Kh2 {[%clk 0:29:23]} Nf6
{[%clk 0:48:00]} 20. Kg1 {[%clk 0:27:14]} Nd7 {[%clk 0:45:53]} 21. Bf4
{[%clk 0:22:12]} Bc7 {[%clk 0:42:59]} 22. bxc5 {[%clk 0:21:40]} Nxc5
{[%clk 0:43:15]} 23. Bb1 {[%clk 0:21:05]} Bb8 {[%clk 0:41:12]} 24. Nd4
{[%clk 0:20:38]} Qxd1 {[%clk 0:15:19]} 25. Rfxd1 {[%clk 0:21:06]} Bd7
{[%clk 0:14:12]} 26. Nc6 {[%clk 0:20:15]} Nb7 {[%clk 0:01:46]} 27. Nxb8
{[%clk 0:17:36]} Rfxb8 {[%clk 0:01:26]} 28. Rc7 {[%clk 0:17:27]} Be8
{[%clk 0:01:31]} 29. Rdc1 {[%clk 0:16:49]} g5 {[%clk 0:00:56]} 30. Bg3
{[%clk 0:16:33]} Kf8 {[%clk 0:00:42]} 31. h4 {[%clk 0:05:17]} f6 {[%clk 0:00:43]}
32. hxg5 {[%clk 0:03:25]} hxg5 {[%clk 0:01:08]} 33. f4 {[%clk 0:03:12]} gxf4
{[%clk 0:01:15]} 34. Bxf4 {[%clk 0:02:05]} Kg8 {[%clk 0:01:39]} 35. Kf2
{[%clk 0:01:55]} Bg6 {[%clk 0:01:21]} 36. R1c3 {[%clk 0:00:40]} Kf8
{[%clk 0:00:50]} 37. Rh3 {[%clk 0:00:52]} 1-0

[Event "TN Mestres 2024-25"]
[Site "Pombal"]
[Date "2024.12.21"]
[Round "5.2"]
[White "Ribeiro, Rodrigo"]
[Black "Padeiro, Jose"]
[Result "0-1"]
[LiveChessVersion "1.4.8"]
[BlackElo "2122"]
[WhiteElo "2143"]

1. d4 {[%clk 1:30:32]} d5 {[%clk 1:30:47]} 2. c4 {[%clk 1:31:01]} e6
{[%clk 1:31:07]} 3. Nf3 {[%clk 1:31:28]} Nf6 {[%clk 1:31:29]} 4. Nc3
{[%clk 1:31:55]} a6 {[%clk 1:31:35]} 5. cxd5 {[%clk 1:32:14]} exd5
{[%clk 1:31:55]} 6. Bg5 {[%clk 1:32:36]} Be6 {[%clk 1:31:24]} 7. e3
{[%clk 1:31:31]} Nbd7 {[%clk 1:31:09]} 8. Bd3 {[%clk 1:30:52]} Bd6
{[%clk 1:31:11]} 9. Rb1 {[%clk 1:29:30]} c6 {[%clk 1:30:36]} 10. Qc2
{[%clk 1:28:16]} Qc7 {[%clk 1:29:57]} 11. Bh4 {[%clk 1:23:02]} h6
{[%clk 1:29:31]} 12. Bg3 {[%clk 1:22:55]} Bxg3 {[%clk 1:28:51]} 13. hxg3
{[%clk 1:22:37]} Qd6 {[%clk 1:28:14]} 14. O-O {[%clk 1:20:29]} O-O
{[%clk 1:28:35]} 15. Rfc1 {[%clk 1:19:34]} a5 {[%clk 1:23:52]} 16. Na4
{[%clk 1:09:57]} Rfe8 {[%clk 1:18:57]} 17. a3 {[%clk 1:03:09]} Ne4
{[%clk 1:04:08]} 18. Nc5 {[%clk 0:48:28]} Nexc5 {[%clk 1:01:51]} 19. dxc5
{[%clk 0:48:11]} Qe7 {[%clk 1:01:21]} 20. b4 {[%clk 0:48:36]} axb4
{[%clk 1:00:35]} 21. axb4 {[%clk 0:48:49]} Bg4 {[%clk 0:50:28]} 22. Nd4
{[%clk 0:48:55]} Ne5 {[%clk 0:50:42]} 23. Bf1 {[%clk 0:43:18]} Bd7
{[%clk 0:47:51]} 24. Qc3 {[%clk 0:37:50]} h5 {[%clk 0:41:06]} 25. Be2
{[%clk 0:32:12]} h4 {[%clk 0:32:39]} 26. gxh4 {[%clk 0:32:32]} Qxh4
{[%clk 0:33:03]} 27. Nf3 {[%clk 0:33:00]} Nxf3+ {[%clk 0:31:42]} 28. Bxf3
{[%clk 0:33:26]} Bf5 {[%clk 0:27:54]} 29. Ra1 {[%clk 0:33:39]} Be4
{[%clk 0:27:41]} 30. Qd4 {[%clk 0:30:36]} Rxa1 {[%clk 0:23:30]} 31. Rxa1
{[%clk 0:31:01]} Qg5 {[%clk 0:23:06]} 32. Bxe4 {[%clk 0:30:08]} Rxe4
{[%clk 0:23:13]} 33. Ra8+ {[%clk 0:30:35]} Kh7 {[%clk 0:23:38]} 34. Qd3
{[%clk 0:27:11]} Qg6 {[%clk 0:23:18]} 35. Qd2 {[%clk 0:27:35]} Rc4
{[%clk 0:21:43]} 36. Qe1 {[%clk 0:25:32]} Qg4 {[%clk 0:13:50]} 37. f3
{[%clk 0:20:48]} Qg5 {[%clk 0:13:50]} 38. f4 {[%clk 0:16:09]} Qg4
{[%clk 0:13:05]} 39. Ra2 {[%clk 0:11:47]} Re4 {[%clk 0:12:30]} 40. Rf2
{[%clk 0:11:11]} f5 {[%clk 0:12:02]} 41. Qd2 {[%clk 0:08:40]} Qg6
{[%clk 0:11:05]} 42. Rf1 {[%clk 0:04:08]} Qf6 {[%clk 0:08:48]} 43. Rd1
{[%clk 0:04:35]} Qe7 {[%clk 0:08:16]} 44. Kf2 {[%clk 0:03:49]} Qh4+
{[%clk 0:08:27]} 45. Kf3 {[%clk 0:03:45]} Qg4+ {[%clk 0:05:50]} 46. Kf2
{[%clk 0:04:09]} d4 {[%clk 0:05:55]} 47. exd4 {[%clk 0:03:53]} Rxf4+
{[%clk 0:06:15]} 48. Kg1 {[%clk 0:03:36]} Re4 {[%clk 0:06:35]} 49. Kf2
{[%clk 0:03:04]} Kg6 {[%clk 0:04:40]} 50. d5 {[%clk 0:00:55]} cxd5
{[%clk 0:04:15]} 51. b5 {[%clk 0:00:36]} Rc4 {[%clk 0:03:00]} 52. Qxd5
{[%clk 0:00:44]} Qf4+ {[%clk 0:02:13]} 53. Qf3 {[%clk 0:00:44]} Rc2+
{[%clk 0:01:50]} 54. Kg1 {[%clk 0:00:59]} Qxf3 {[%clk 0:02:15]} 55. gxf3
{[%clk 0:01:26]} Rxc5 {[%clk 0:02:38]} 56. Rb1 {[%clk 0:00:33]} Rc2
{[%clk 0:02:07]} 57. Rd1 {[%clk 0:00:41]} Rc7 {[%clk 0:01:02]} 58. Kg2
{[%clk 0:00:43]} Kg5 {[%clk 0:01:24]} 59. Kg3 {[%clk 0:00:32]} g6
{[%clk 0:01:19]} 60. f4+ {[%clk 0:00:32]} Kh6 {[%clk 0:01:35]} 61. Rh1+
{[%clk 0:00:32]} Kg7 {[%clk 0:02:03]} 62. Rd1 {[%clk 0:00:48]} Rc3+
{[%clk 0:01:17]} 63. Kf2 {[%clk 0:00:34]} Rc7 {[%clk 0:00:47]} 64. Kg3
{[%clk 0:00:55]} Kf7 {[%clk 0:00:56]} 65. Kh4 {[%clk 0:00:32]} Rc3
{[%clk 0:00:37]} 66. Rd7+ {[%clk 0:00:52]} Kf6 {[%clk 0:00:57]} 67. Rd6+
{[%clk 0:00:36]} Kg7 {[%clk 0:01:22]} 68. Rd4 {[%clk 0:00:32]} Kh6
{[%clk 0:01:20]} 69. b6 {[%clk 0:00:32]} Re3 {[%clk 0:00:42]} 70. Rd7
{[%clk 0:00:36]} Rf3 {[%clk 0:01:08]} 71. Rd4 {[%clk 0:00:57]} Rxf4+
{[%clk 0:01:06]} 72. Rxf4 {[%clk 0:01:05]} g5+ {[%clk 0:01:34]} 73. Kg3
{[%clk 0:01:29]} gxf4+ {[%clk 0:02:00]} 74. Kxf4 {[%clk 0:01:56]} Kg6
{[%clk 0:02:25]} 75. Ke5 {[%clk 0:02:07]} Kg5 {[%clk 0:02:53]} 76. Kd6
{[%clk 0:02:30]} f4 {[%clk 0:03:20]} 77. Kc7 {[%clk 0:02:07]} f3 {[%clk 0:03:46]}
78. Kxb7 {[%clk 0:02:33]} f2 {[%clk 0:04:14]} 79. Ka7 {[%clk 0:02:46]} f1=Q
{[%clk 0:04:37]} 0-1

[Event "TN Mestres 2024-25"]
[Site "Pombal"]
[Date "2024.12.21"]
[Round "5.3"]
[White "Ribeiro, Gustavo"]
[Black "Ryabukhin, Roman"]
[Result "1-0"]
[LiveChessVersion "1.4.8"]
[BlackElo "2286"]
[WhiteElo "2241"]

1. e4 {[%clk 1:30:59]} c5 {[%clk 1:30:53]} 2. Nf3 {[%clk 1:31:22]} d6
{[%clk 1:31:13]} 3. Bb5+ {[%clk 1:31:47]} Bd7 {[%clk 1:31:20]} 4. a4
{[%clk 1:32:02]} Nf6 {[%clk 1:31:29]} 5. Nc3 {[%clk 1:31:00]} e6 {[%clk 1:31:27]}
6. O-O {[%clk 1:31:24]} Be7 {[%clk 1:31:56]} 7. e5 {[%clk 1:31:17]} dxe5
{[%clk 1:16:35]} 8. Nxe5 {[%clk 1:31:42]} a6 {[%clk 1:16:00]} 9. Nxd7
{[%clk 1:30:44]} Nbxd7 {[%clk 1:15:12]} 10. Be2 {[%clk 1:30:53]} Ne5
{[%clk 1:15:36]} 11. Re1 {[%clk 1:29:55]} Bd6 {[%clk 1:05:04]} 12. Bf1
{[%clk 1:29:58]} Nc6 {[%clk 1:04:11]} 13. Ne4 {[%clk 1:29:20]} Nxe4
{[%clk 1:01:26]} 14. Rxe4 {[%clk 1:29:46]} Qf6 {[%clk 1:01:53]} 15. g3
{[%clk 1:25:31]} h5 {[%clk 1:02:21]} 16. Rh4 {[%clk 1:20:28]} Ne5
{[%clk 0:41:20]} 17. Bg2 {[%clk 1:20:00]} Ng4 {[%clk 0:36:40]} 18. Qxg4
{[%clk 1:16:40]} hxg4 {[%clk 0:37:05]} 19. Rxh8+ {[%clk 1:17:07]} Bf8
{[%clk 0:37:33]} 20. Bxb7 {[%clk 1:17:20]} Rb8 {[%clk 0:35:04]} 21. Bxa6
{[%clk 1:17:33]} Qe5 {[%clk 0:32:41]} 22. Bf1 {[%clk 1:17:15]} g6
{[%clk 0:27:24]} 23. Rg8 {[%clk 1:17:39]} Qh5 {[%clk 0:27:00]} 24. a5
{[%clk 1:17:48]} Ra8 {[%clk 0:26:17]} 25. Bg2 {[%clk 1:16:54]} Ra7
{[%clk 0:26:34]} 26. d3 {[%clk 1:14:58]} Qh7 {[%clk 0:23:10]} 27. Rxf8+
{[%clk 1:15:21]} Kxf8 {[%clk 0:23:37]} 28. Be3 {[%clk 1:15:47]} Qh5
{[%clk 0:23:43]} 29. b4 {[%clk 1:16:11]} Qe5 {[%clk 0:22:48]} 30. Bxc5+
{[%clk 1:16:36]} Kg8 {[%clk 0:23:14]} 31. d4 {[%clk 1:17:03]} Qc7
{[%clk 0:23:41]} 32. Bxa7 {[%clk 1:17:27]} Qxa7 {[%clk 0:24:10]} 33. c3
{[%clk 1:17:39]} Qa6 {[%clk 0:24:32]} 34. b5 {[%clk 1:18:00]} Qxb5
{[%clk 0:25:00]} 35. a6 {[%clk 1:18:25]} Qb2 {[%clk 0:25:28]} 36. Ra4
{[%clk 1:18:08]} Qb3 {[%clk 0:25:30]} 37. Rb4 {[%clk 1:18:29]} Qxc3
{[%clk 0:25:41]} 38. Rb8+ {[%clk 1:12:19]} Kg7 {[%clk 0:26:07]} 39. Bf1
{[%clk 1:12:38]} Qc7 {[%clk 0:14:29]} 40. Rb7 {[%clk 1:12:26]} Qc6
{[%clk 0:14:54]} 41. Rb1 {[%clk 1:12:53]} Qa4 {[%clk 0:10:37]} 42. Rc1
{[%clk 1:11:43]} Qa5 {[%clk 0:10:56]} 43. Rc6 {[%clk 1:11:27]} Kh6
{[%clk 0:08:23]} 44. h3 {[%clk 1:08:53]} gxh3 {[%clk 0:08:09]} 45. Bxh3
{[%clk 1:09:17]} f5 {[%clk 0:07:22]} 46. Rxe6 {[%clk 1:09:03]} f4
{[%clk 0:06:35]} 47. gxf4 Qh5 {[%clk 0:06:09]} 48. Kg2 {[%clk 1:05:51]} Qd5+
{[%clk 0:06:15]} 49. Kg3 {[%clk 1:06:07]} Qb3+ {[%clk 0:06:27]} 50. Re3
{[%clk 1:06:19]} Qa4 {[%clk 0:04:18]} 51. Re6 {[%clk 1:06:06]} Qb3+
{[%clk 0:04:46]} 52. f3 {[%clk 1:06:16]} Qb8 {[%clk 0:03:36]} 53. Bf5
{[%clk 1:05:51]} Qc7 {[%clk 0:02:55]} 54. Rxg6+ {[%clk 1:06:04]} Kh5
{[%clk 0:03:08]} 55. Re6 {[%clk 1:06:07]} Qg7+ {[%clk 0:03:05]} 56. Bg4+
{[%clk 1:06:32]} Qxg4+ {[%clk 0:03:33]} 57. fxg4# {[%clk 1:06:56]} 1-0

[Event "TN Mestres 2024-25"]
[Site "Pombal"]
[Date "2024.12.21"]
[Round "5.4"]
[White "Ferreira, Luis Pedro"]
[Black "Goncalves, Samuel"]
[Result "1-0"]
[LiveChessVersion "1.4.8"]
[BlackElo "2301"]
[WhiteElo "2166"]

1. e4 {[%clk 1:30:57]} c6 {[%clk 1:28:24]} 2. d4 {[%clk 1:31:00]} d5
{[%clk 1:28:50]} 3. exd5 {[%clk 1:31:01]} cxd5 {[%clk 1:29:13]} 4. Bd3
{[%clk 1:31:09]} Nc6 {[%clk 1:29:35]} 5. c3 {[%clk 1:31:33]} g6 {[%clk 1:29:24]}
6. h3 {[%clk 1:31:33]} Nf6 {[%clk 1:29:24]} 7. Qc2 {[%clk 1:28:09]} e5
{[%clk 1:27:41]} 8. dxe5 {[%clk 1:28:09]} Nxe5 {[%clk 1:27:41]} 9. Be3
{[%clk 1:28:13]} Bg7 {[%clk 1:27:05]} 10. Nd2 {[%clk 1:27:52]} O-O
{[%clk 1:24:09]} 11. Ngf3 {[%clk 1:27:58]} Nxd3+ {[%clk 1:21:48]} 12. Qxd3
{[%clk 1:28:22]} Bf5 {[%clk 1:20:13]} 13. Qe2 {[%clk 1:27:42]} Re8
{[%clk 1:18:58]} 14. O-O {[%clk 1:24:47]} Bh6 {[%clk 1:17:00]} 15. Nd4
{[%clk 1:23:12]} Bxe3 {[%clk 1:14:52]} 16. fxe3 {[%clk 1:23:23]} Be4
{[%clk 1:13:29]} 17. Qf2 {[%clk 1:13:12]} Kg7 18. Qf4 {[%clk 1:05:47]} Qe7
{[%clk 1:11:32]} 19. Nxe4 {[%clk 1:02:43]} Nxe4 {[%clk 1:11:27]} 20. Rad1
{[%clk 1:00:40]} Rad8 21. Rf3 {[%clk 0:55:28]} Rd7 {[%clk 1:02:01]} 22. Ne2
{[%clk 0:50:15]} Rd6 {[%clk 0:51:57]} 23. Ng3 Rf6 {[%clk 0:26:32]} 24. Qg4
{[%clk 0:45:28]} Rxf3 {[%clk 0:26:33]} 25. Qxf3 {[%clk 0:45:28]} Nf6
{[%clk 0:26:33]} 26. Nf1 {[%clk 0:45:28]} Qc5 {[%clk 0:26:33]} 27. Rd4
{[%clk 0:45:28]} Re6 {[%clk 0:26:33]} 28. Rf4 {[%clk 0:45:28]} Qb6
{[%clk 0:26:33]} 29. Qf2 {[%clk 0:45:28]} Qc7 {[%clk 0:26:33]} 30. Qd2
{[%clk 0:41:24]} Qe7 {[%clk 0:17:29]} 31. Qd4 {[%clk 0:41:24]} b6
{[%clk 0:09:48]} 32. Ng3 Kg8 {[%clk 0:08:21]} 33. Rf3 {[%clk 0:38:09]} Re5
{[%clk 0:08:07]} 34. Kh1 {[%clk 0:33:29]} h5 {[%clk 0:08:00]} 35. Qh4
{[%clk 0:32:45]} Kg7 {[%clk 0:06:06]} 36. Qd4 {[%clk 0:31:26]} Nh7
{[%clk 0:06:10]} 37. Rf5 {[%clk 0:29:22]} f6 {[%clk 0:06:39]} 38. Rxe5
{[%clk 0:29:45]} Qxe5 {[%clk 0:07:05]} 39. Ne2 {[%clk 0:30:00]} g5
{[%clk 0:07:00]} 40. Qd3 {[%clk 0:29:24]} Nf8 {[%clk 0:05:44]} 41. Nd4
{[%clk 0:29:08]} Ng6 {[%clk 0:05:03]} 42. Qa6 {[%clk 0:28:25]} Nh4
{[%clk 0:04:49]} 43. Qxa7+ {[%clk 0:28:25]} Kg6 {[%clk 0:04:49]} 44. Qa4
{[%clk 0:27:34]} Qxe3 {[%clk 0:05:02]} 45. Qc2+ {[%clk 0:27:41]} f5
{[%clk 0:04:55]} 46. Qe2 {[%clk 0:26:46]} Qe4 {[%clk 0:01:21]} 47. a4
{[%clk 0:25:40]} Kf6 {[%clk 0:00:45]} 48. b4 {[%clk 0:21:28]} Ke5
{[%clk 0:00:56]} 49. a5 {[%clk 0:16:14]} bxa5 {[%clk 0:01:25]} 50. bxa5
{[%clk 0:16:37]} Kd6 {[%clk 0:01:45]} 51. Qa6+ {[%clk 0:07:09]} Kc7
{[%clk 0:01:10]} 52. Ne6+ {[%clk 0:06:40]} Kb8 {[%clk 0:01:21]} 53. Qb6+
{[%clk 0:06:40]} 1-0

[Event "TN Mestres 2024-25"]
[Site "Pombal"]
[Date "2024.12.21"]
[Round "5.5"]
[White "Morais, Miguel"]
[Black "Margarido, Jose"]
[Result "0-1"]
[LiveChessVersion "1.4.8"]
[BlackElo "2152"]
[WhiteElo "2132"]

1. d4 {[%clk 1:30:57]} Nf6 {[%clk 1:30:57]} 2. c4 {[%clk 1:31:21]} e6
{[%clk 1:31:23]} 3. g3 {[%clk 1:31:43]} Bb4+ {[%clk 1:31:46]} 4. Nd2
{[%clk 1:32:03]} O-O {[%clk 1:31:16]} 5. Bg2 {[%clk 1:32:19]} d6 {[%clk 1:31:40]}
6. Ngf3 {[%clk 1:32:17]} e5 {[%clk 1:32:03]} 7. dxe5 {[%clk 1:28:05]} dxe5
{[%clk 1:32:33]} 8. Nxe5 {[%clk 1:28:26]} Re8 {[%clk 1:32:50]} 9. Nef3
{[%clk 1:28:33]} a5 {[%clk 1:32:16]} 10. O-O {[%clk 1:27:25]} Nc6
{[%clk 1:32:28]} 11. a3 {[%clk 1:26:53]} Bd6 {[%clk 1:27:02]} 12. Nb3
{[%clk 1:09:12]} Qe7 {[%clk 1:21:11]} 13. Nbd4 {[%clk 0:59:49]} Nxd4
{[%clk 1:19:59]} 14. Nxd4 {[%clk 0:59:52]} c6 {[%clk 1:18:38]} 15. e3
{[%clk 0:57:23]} a4 {[%clk 1:14:36]} 16. Bd2 {[%clk 0:50:12]} Ne4
{[%clk 1:03:11]} 17. Qc2 {[%clk 0:46:42]} Nxd2 {[%clk 1:03:01]} 18. Qxd2
{[%clk 0:47:10]} Bc5 {[%clk 0:59:32]} 19. h3 {[%clk 0:42:35]} h5 {[%clk 0:58:11]}
20. Rad1 {[%clk 0:40:43]} Qf6 {[%clk 0:55:34]} 21. Rfe1 {[%clk 0:38:59]} Bb6
{[%clk 0:41:33]} 22. Qe2 {[%clk 0:33:44]} g6 {[%clk 0:37:21]} 23. Qf3
{[%clk 0:31:32]} Qe5 {[%clk 0:36:12]} 24. Qf4 {[%clk 0:28:55]} Qe7
{[%clk 0:36:42]} 25. Nf3 {[%clk 0:27:58]} Be6 {[%clk 0:30:35]} 26. g4
{[%clk 0:23:31]} hxg4 {[%clk 0:28:03]} 27. hxg4 {[%clk 0:24:00]} Ra5
{[%clk 0:28:29]} 28. g5 {[%clk 0:19:44]} Bc7 {[%clk 0:23:03]} 29. Qh4
{[%clk 0:19:42]} Qc5 {[%clk 0:21:12]} 30. Rd4 {[%clk 0:18:42]} Bd8
{[%clk 0:20:36]} 31. Red1 {[%clk 0:15:24]} Bxg5 {[%clk 0:20:50]} 32. Nxg5
{[%clk 0:15:45]} Qxg5 {[%clk 0:21:19]} 33. Qxg5 {[%clk 0:15:55]} Rxg5
{[%clk 0:21:48]} 34. Kf1 {[%clk 0:15:56]} Rc5 {[%clk 0:21:27]} 35. Rc1
{[%clk 0:15:10]} b5 {[%clk 0:16:54]} 36. Ke1 {[%clk 0:15:16]} Bxc4
{[%clk 0:12:08]} 37. Kd2 {[%clk 0:15:32]} Rf5 {[%clk 0:11:26]} 38. f4
{[%clk 0:15:49]} c5 {[%clk 0:09:17]} 39. Rd6 {[%clk 0:15:41]} Rh5
{[%clk 0:08:10]} 40. Rh1 {[%clk 0:15:54]} Rxh1 {[%clk 0:08:34]} 41. Bxh1
{[%clk 0:16:23]} Rc8 {[%clk 0:07:39]} 42. e4 {[%clk 0:15:30]} b4 {[%clk 0:04:48]}
43. e5 {[%clk 0:14:53]} Bb3 {[%clk 0:02:30]} 44. Bd5 {[%clk 0:08:06]} Rb8
{[%clk 0:01:51]} 45. Bc6 {[%clk 0:07:40]} Kg7 {[%clk 0:00:53]} 46. Be4
{[%clk 0:06:25]} Rh8 {[%clk 0:00:51]} 47. axb4 {[%clk 0:04:54]} Rh2+
{[%clk 0:00:53]} 48. Kc1 {[%clk 0:05:22]} cxb4 {[%clk 0:00:54]} 49. Rd4
{[%clk 0:05:30]} Rf2 {[%clk 0:00:46]} 50. Bd3 {[%clk 0:05:59]} a3
{[%clk 0:00:34]} 51. bxa3 {[%clk 0:04:36]} bxa3 {[%clk 0:01:04]} 52. Rd7
{[%clk 0:04:45]} Rh2 {[%clk 0:00:35]} 53. Be4 {[%clk 0:04:33]} Rf2
{[%clk 0:00:38]} 54. Bd3 {[%clk 0:04:21]} Rg2 {[%clk 0:00:51]} 55. Rb7
{[%clk 0:02:06]} Rg1+ {[%clk 0:00:54]} 0-1

[Event "TN Mestres 2024-25"]
[Site "Pombal"]
[Date "2024.12.21"]
[Round "5.6"]
[White "Marques, Pedro Godinho"]
[Black "Valente, Sofia"]
[Result "0-1"]
[LiveChessVersion "1.4.8"]
[BlackElo "1949"]
[WhiteElo "1857"]

1. Nf3 {[%clk 1:24:33]} c5 {[%clk 1:27:41]} 2. e3 {[%clk 1:21:10]} Nf6
{[%clk 1:23:21]} 3. b3 {[%clk 1:20:28]} g6 {[%clk 1:22:55]} 4. Bb2
{[%clk 1:18:56]} Bg7 {[%clk 1:22:56]} 5. d4 {[%clk 1:16:57]} cxd4
{[%clk 1:22:56]} 6. exd4 {[%clk 1:11:53]} d5 {[%clk 1:22:35]} 7. Ne5
{[%clk 1:09:21]} Nc6 {[%clk 1:20:47]} 8. Nd2 {[%clk 1:00:40]} Bf5
{[%clk 1:18:59]} 9. Bd3 {[%clk 0:52:01]} Bxd3 {[%clk 1:17:39]} 10. Nxd3
{[%clk 0:51:52]} O-O {[%clk 1:17:30]} 11. O-O {[%clk 0:52:11]} Rc8
{[%clk 1:16:59]} 12. Re1 {[%clk 0:41:53]} Re8 {[%clk 1:11:56]} 13. Ne5
{[%clk 0:32:00]} Qb6 {[%clk 1:03:53]} 14. Ndf3 {[%clk 0:26:20]} Ne4
{[%clk 1:02:06]} 15. Nxc6 {[%clk 0:16:03]} bxc6 {[%clk 0:59:17]} 16. c4
{[%clk 0:10:38]} a5 {[%clk 0:58:26]} 17. Nd2 {[%clk 0:07:24]} Nxd2
{[%clk 0:52:54]} 18. Qxd2 {[%clk 0:07:50]} dxc4 {[%clk 0:52:26]} 19. bxc4
{[%clk 0:08:05]} c5 {[%clk 0:51:35]} 20. Bc3 {[%clk 0:07:12]} Bxd4
{[%clk 0:48:00]} 21. Bxa5 {[%clk 0:04:56]} Qa6 {[%clk 0:46:39]} 22. Bc3
{[%clk 0:02:49]} Qxc4 {[%clk 0:46:37]} 23. Rac1 {[%clk 0:02:25]} Bxc3
{[%clk 0:45:29]} 24. Rxc3 {[%clk 0:02:25]} Qb4 {[%clk 0:45:17]} 25. Qc2
{[%clk 0:02:22]} Ra8 {[%clk 0:41:40]} 26. Qb3 {[%clk 0:00:39]} Rxa2
{[%clk 0:40:26]} 27. Qxb4 {[%clk 0:00:37]} cxb4 {[%clk 0:40:47]} 28. Rb3
{[%clk 0:01:02]} Rb8 {[%clk 0:40:45]} 29. Reb1 {[%clk 0:01:03]} Kg7
{[%clk 0:40:04]} 30. g3 {[%clk 0:00:51]} Ra4 {[%clk 0:39:57]} 31. Kf1
{[%clk 0:01:03]} e5 {[%clk 0:39:56]} 32. Ke2 {[%clk 0:01:18]} Kf6
{[%clk 0:39:59]} 33. Kd3 {[%clk 0:01:18]} Ke6 {[%clk 0:39:48]} 34. Kc4
{[%clk 0:01:30]} Kd6 {[%clk 0:39:10]} 35. Rd1+ {[%clk 0:01:34]} Ke6
{[%clk 0:38:45]} 36. Rdb1 {[%clk 0:01:39]} Ra2 {[%clk 0:38:05]} 37. Rf1
{[%clk 0:01:31]} Rc2+ {[%clk 0:37:36]} 38. Kd3 {[%clk 0:01:51]} Rc6
{[%clk 0:37:02]} 39. Rfb1 {[%clk 0:02:07]} Rd8+ {[%clk 0:36:57]} 40. Ke2
{[%clk 0:01:27]} Rc2+ {[%clk 0:37:08]} 41. Kf3 {[%clk 0:00:49]} Rc3+
{[%clk 0:36:51]} 42. Rxc3 {[%clk 0:00:50]} bxc3 {[%clk 0:37:18]} 43. Rc1
{[%clk 0:00:56]} Rc8 {[%clk 0:37:32]} 44. Rc2 {[%clk 0:01:03]} f5
{[%clk 0:37:45]} 45. Ke3 {[%clk 0:01:15]} Kd5 {[%clk 0:37:57]} 46. f3
{[%clk 0:01:00]} Kc4 {[%clk 0:37:58]} 47. Rc1 {[%clk 0:01:03]} Kb3
{[%clk 0:37:41]} 48. Rb1+ {[%clk 0:01:18]} Ka2 {[%clk 0:37:35]} 49. Rc1
{[%clk 0:00:31]} c2 {[%clk 0:37:07]} 50. Kd2 {[%clk 0:00:38]} Kb2
{[%clk 0:37:22]} 0-1

[Event "TN Mestres 2024-25"]
[Site "Pombal"]
[Date "2024.12.21"]
[Round "5.7"]
[White "Silva, Reinaldo"]
[Black "Goncalves, Lucas"]
[Result "1/2-1/2"]
[LiveChessVersion "1.4.8"]
[BlackElo "1990"]
[WhiteElo "1801"]

1. Nf3 {[%clk 1:30:57]} d5 {[%clk 1:26:03]} 2. g3 {[%clk 1:31:09]} Nf6
{[%clk 1:26:27]} 3. Bg2 {[%clk 1:31:31]} Nbd7 {[%clk 1:26:32]} 4. d4
{[%clk 1:31:51]} g6 {[%clk 1:26:49]} 5. O-O {[%clk 1:30:59]} Bg7 {[%clk 1:27:14]}
6. b3 {[%clk 1:29:23]} O-O {[%clk 1:26:41]} 7. c4 {[%clk 1:29:30]} c6
{[%clk 1:26:54]} 8. Nc3 {[%clk 1:28:59]} Re8 {[%clk 1:26:51]} 9. Bb2
{[%clk 1:28:44]} b6 {[%clk 1:26:08]} 10. Ne5 {[%clk 1:26:05]} Bb7
{[%clk 1:25:52]} 11. cxd5 {[%clk 1:21:11]} cxd5 {[%clk 1:25:22]} 12. Rc1
{[%clk 1:19:40]} Rc8 {[%clk 1:25:04]} 13. Re1 {[%clk 1:18:41]} Ne4
{[%clk 1:09:57]} 14. Nxd7 {[%clk 1:07:52]} Nxc3 {[%clk 1:08:28]} 15. Bxc3
{[%clk 1:05:11]} Qxd7 {[%clk 1:08:52]} 16. Qd2 {[%clk 1:00:07]} Rc7
{[%clk 1:07:50]} 17. Bb2 {[%clk 1:00:13]} Rec8 {[%clk 1:08:10]} 18. Rxc7
{[%clk 1:00:35]} Rxc7 {[%clk 1:08:34]} 19. Rc1 {[%clk 1:00:57]} Rxc1+
{[%clk 1:03:16]} 20. Qxc1 {[%clk 1:01:06]} e6 {[%clk 1:02:56]} 21. e3
{[%clk 1:01:29]} h5 {[%clk 1:03:00]} 22. h4 {[%clk 1:01:54]} Bf8 {[%clk 1:03:06]}
23. Ba3 {[%clk 0:59:29]} Qc6 {[%clk 0:59:15]} 24. Qxc6 {[%clk 0:55:52]} Bxc6
{[%clk 0:59:40]} 25. Bxf8 {[%clk 0:56:07]} Kxf8 {[%clk 1:00:01]} 26. Kf1
{[%clk 0:56:35]} Ke7 {[%clk 1:00:24]} 27. Ke2 {[%clk 0:56:45]} Bb5+
{[%clk 0:59:55]} 28. Kd2 {[%clk 0:56:58]} Kd6 {[%clk 1:00:04]} 29. Kc3
{[%clk 0:51:45]} Kc6 {[%clk 0:59:25]} 30. a4 {[%clk 0:50:33]} Be2
{[%clk 0:59:48]} 31. Kd2 {[%clk 0:47:05]} Ba6 {[%clk 1:00:08]} 32. Kc3
{[%clk 0:46:20]} Kd6 {[%clk 0:59:26]} 33. Bf3 {[%clk 0:46:07]} Bf1
{[%clk 0:59:47]} 34. Bh1 {[%clk 0:41:24]} Ke7 {[%clk 0:57:23]} 35. Bf3
{[%clk 0:38:58]} Kf6 {[%clk 0:56:55]} 36. Kd2 {[%clk 0:36:01]} a5
{[%clk 0:53:17]} 37. Kc3 {[%clk 0:35:29]} Kf5 {[%clk 0:53:07]} 38. Kd2
{[%clk 0:33:57]} Bh3 {[%clk 0:50:57]} 39. Kd3 {[%clk 0:27:37]} Bf1+
{[%clk 0:44:06]} 40. Kd2 {[%clk 0:27:59]} Kf6 {[%clk 0:44:33]} 41. Kc3
{[%clk 0:23:57]} Ke7 {[%clk 0:44:57]} 42. Bd1 {[%clk 0:20:59]} Kd6
{[%clk 0:45:15]} 43. Bc2 {[%clk 0:21:19]} Be2 {[%clk 0:44:47]} 44. Kd2
{[%clk 0:15:35]} Bf3 {[%clk 0:45:10]} 45. Bd1 {[%clk 0:15:36]} Bxd1
{[%clk 0:43:00]} 1/2-1/2